000
00334nam a22001337a 4500
020
_a
0986-88-656-0
041
_a
ENG
100
_a
Vaidya .V.G
245
_a
Introduction to Agronomy and Soil and Water Management
260
_a
pune
_b
Continental Prakashan
_c
1997
300
_a
329
650
_a
Agricultural
856
_u
Agricultural
999
_c
286
_d
286